000 00483nam a2200181 a 4500
001 1769854928220
003 YourLibrary
005 20260131162127.0
008 260131s2010##################000#0#eng##
020 _a9781416548911
082 0 4 _a332.024
_bKOT
100 1 _aKotlikoff, Laurence J.,
_eauthor.
245 1 0 _aSpend 'Til the End :
260 _bSimon & Schuster,
_c2010.
650 0 _aBusiness & Economics.
942 _cENGLISH
040 _aYourLibrary
_beng
_cYourLibrary
999 _c609624
_d609624